<?xml version="1.0" encoding="UTF-8"?>
<record
    xmlns:xsi="http://www.w3.org/2001/XMLSchema-instance"
    xsi:schemaLocation="http://www.loc.gov/MARC21/slim http://www.loc.gov/standards/marcxml/schema/MARC21slim.xsd"
    xmlns="http://www.loc.gov/MARC21/slim">

  <leader>02734nam a2200229   4500</leader>
  <controlfield tag="001">ESSALUD</controlfield>
  <controlfield tag="007">ta</controlfield>
  <controlfield tag="008">      t2026    pe ||||| |||| 00| 0 spa d</controlfield>
  <datafield tag="040" ind1=" " ind2=" ">
    <subfield code="a">BMG</subfield>
  </datafield>
  <datafield tag="041" ind1=" " ind2=" ">
    <subfield code="a">spa</subfield>
  </datafield>
  <datafield tag="100" ind1=" " ind2=" ">
    <subfield code="a">Gal&#xE1;n-Rodas, Ed&#xE9;n</subfield>
    <subfield code="e">autor</subfield>
    <subfield code="9">52703</subfield>
  </datafield>
  <datafield tag="245" ind1=" " ind2=" ">
    <subfield code="a">Salud digital en los sistemas de seguridad social en Las Am&#xE9;ricas y Europa: buenas pr&#xE1;cticas y retos para una atenci&#xF3;n m&#xE1;s inclusiva y sostenible</subfield>
  </datafield>
  <datafield tag="300" ind1=" " ind2=" ">
    <subfield code="a">p&#xE1;ginas 46-50</subfield>
  </datafield>
  <datafield tag="520" ind1=" " ind2=" ">
    <subfield code="a">Los sistemas de seguridad social enfrentan presiones concurrentes: incremento de la demanda por transici&#xF3;n demogr&#xE1;fica y epidemiol&#xF3;gica, expectativas de inmediatez en la atenci&#xF3;n, restricciones de recursos, y la necesidad de reducir inequidades y la huella ambiental del sector salud. La salud digital ofrece oportunidades para ampliar el acceso, mejorar la continuidad asistencial, optimizar procesos y fortalecer la experiencia del asegurado; sin embargo, puede profundizar brechas si no se implementa con enfoque de inclusi&#xF3;n, gobernanza y acompa&#xF1;amiento humano. Este art&#xED;culo especial sintetiza lecciones para instituciones de seguridad social a partir de un an&#xE1;lisis documental tem&#xE1;tico de reportes de la Asociaci&#xF3;n Internacional de la Seguridad Social (AISS/ISSA), incluyendo sus directrices sobre Tecnolog&#xED;as de la Informaci&#xF3;n y Comunicaci&#xF3;n, y de la Estrategia Global de Salud Digital 2020&#x2013;2027 de la OMS como marco rector. Se presentan casos ilustrativos de Las Am&#xE9;ricas (ventanilla &#xFA;nica digital VIVA/EsSalud en Per&#xFA;; EDUS en Costa Rica; Historia Cl&#xED;nica Electr&#xF3;nica Nacional en Uruguay) y de Europa (apoderamientos digitales en B&#xE9;lgica; mediaci&#xF3;n y materiales accesibles en Francia; modelo h&#xED;brido asistido en Letonia; autenticaci&#xF3;n biom&#xE9;trica en Espa&#xF1;a). Los hallazgos se organizan en cinco ejes: (i) integraci&#xF3;n y simplificaci&#xF3;n de servicios (ventanilla &#xFA;nica transformacional), (ii) inclusi&#xF3;n digital deliberada y multicanalidad, (iii) interoperabilidad y continuidad cl&#xED;nica, (iv) confianza, seguridad y &#x201C;human-in-the-loop&#x201D;, y (v) sostenibilidad ambiental medible. Se proponen recomendaciones operativas orientadas a valor p&#xFA;blico: arquitectura interoperable, servicios integrados end-to-end, segmentaci&#xF3;n de usuarios, mediaci&#xF3;n y accesibilidad, gesti&#xF3;n de servicios digitales (incluidos SLA) y m&#xE9;tricas integradas de equidad, calidad/seguridad, eficiencia y sostenibilidad.</subfield>
  </datafield>
  <datafield tag="650" ind1=" " ind2=" ">
    <subfield code="a">ACCESIBILIDAD A LOS SERVICIOS DE SALUD</subfield>
    <subfield code="9">1812</subfield>
  </datafield>
  <datafield tag="650" ind1=" " ind2=" ">
    <subfield code="a">SEGURIDAD SOCIAL</subfield>
    <subfield code="9">2070</subfield>
  </datafield>
  <datafield tag="650" ind1=" " ind2=" ">
    <subfield code="a">AM&#xC9;RICAS</subfield>
    <subfield code="9">1997</subfield>
  </datafield>
  <datafield tag="650" ind1=" " ind2=" ">
    <subfield code="a">EUROPA</subfield>
    <subfield code="9">250</subfield>
  </datafield>
  <datafield tag="653" ind1=" " ind2=" ">
    <subfield code="a">SALUD DIGITAL</subfield>
  </datafield>
  <datafield tag="773" ind1="0" ind2=" ">
    <subfield code="0">22497</subfield>
    <subfield code="9">22595</subfield>
    <subfield code="d">Lima :  IETSI</subfield>
    <subfield code="o">CITES01</subfield>
    <subfield code="t">Ciencia y Tecnolog&#xED;a aplicada a la Salud P&#xFA;blica</subfield>
    <subfield code="w">ESSALUD</subfield>
    <subfield code="x">3119-7981</subfield>
  </datafield>
  <datafield tag="942" ind1=" " ind2=" ">
    <subfield code="c">ARTICULOS</subfield>
    <subfield code="e">2026-06-11</subfield>
    <subfield code="z">AFC</subfield>
  </datafield>
  <datafield tag="999" ind1=" " ind2=" ">
    <subfield code="c">22522</subfield>
    <subfield code="d">22522</subfield>
  </datafield>
</record>
